The infinite plan / (Record no. 130211)

MARC details
000 -LEADER
fixed length control field 00764nam a22002537a 4500
003 - CONTROL NUMBER IDENTIFIER
control field dpl
005 - DATE AND TIME OF LATEST TRANSACTION
control field 20180714151447.0
008 - FIXED-LENGTH DATA ELEMENTS--GENERAL INFORMATION
fixed length control field 180714b xxu||||| |||| 00| 0 eng d
010 ## - LIBRARY OF CONGRESS CONTROL NUMBER
LC control number A-647475
020 ## - INTERNATIONAL STANDARD BOOK NUMBER
Terms of availability 00.00
International Standard Book Number 0002241919
035 ## - SYSTEM CONTROL NUMBER
System control number A-647475, A-647479
037 ## - SOURCE OF ACQUISITION
Source of stock number/acquisition Cen Lib/Ret
040 ## - CATALOGING SOURCE
Original cataloging agency DPL
Language of cataloging EN
Transcribing agency 0
082 ## - DEWEY DECIMAL CLASSIFICATION NUMBER
Classification number N
Item number ALL
100 ## - MAIN ENTRY--PERSONAL NAME
Personal name Allende, Isabel
9 (RLIN) 28593
245 ## - TITLE STATEMENT
Title The infinite plan /
Statement of responsibility, etc by Isabel Allende; translated by Margret Sayers Peden
260 ## - PUBLICATION, DISTRIBUTION, ETC. (IMPRINT)
Name of publisher, distributor, etc Harper Collins Publishers
Date of publication, distribution, etc 1991
Place of publication, distribution, etc New Delhi
270 ## - ADDRESS
City New Delhi
Address 7/16, ansari road
Postal code 110002
300 ## - PHYSICAL DESCRIPTION
Extent 382p.
Dimensions 21cm(Hb)
650 ## - SUBJECT ADDED ENTRY--TOPICAL TERM
Topical term or geographic name as entry element Spanish literature
9 (RLIN) 28594
650 ## - SUBJECT ADDED ENTRY--TOPICAL TERM
Topical term or geographic name as entry element Novels
9 (RLIN) 13976
700 ## - ADDED ENTRY--PERSONAL NAME
Personal name Peden, Margaret Sayers
9 (RLIN) 28595
942 ## - ADDED ENTRY ELEMENTS (KOHA)
Source of classification or shelving scheme Dewey Decimal Classification
Koha item type English Books
Classification part N
Call number suffix ALL
Holdings
Withdrawn status Lost status Damaged status Not for loan Home library Current library Date acquired Source of acquisition Cost, normal purchase price Total Checkouts Full call number Barcode Date last seen Copy number Cost, replacement price Price effective from Koha item type Public note Source of classification or shelving scheme Collection code
Written off       Central Library Central Library 08/07/2015 Cen Lib/Ret 0.00   N ALL A-647475 08/07/2015 1 0.00 08/07/2015 English Books W/d List No. 6864/17 ; dtd 08/08/2020    
        Shahdara Branch Shahdara Branch 14/07/2018 BPPD/PUB 0.00   N ALL A-647479 14/07/2018   0.00 14/07/2018 English Books   Dewey Decimal Classification Fiction

© Delhi Public Library
Hit Counter
free hit counter